Tránsito a la modernidad y derechos fundamentales / (Record no. 117401)

MARC details
000 -LEADER
campo de control de longitud fija 00580nam a2200193 4500
001 - NÚMERO DE CONTROL
campo de control 117401
003 - IDENTIFICADOR DE NÚMERO DE CONTROL
campo de control ES-MaACL
005 - FECHA Y HORA DE LA ÚLTIMA TRANSACCIÓN
campo de control 20250304063102.0
007 - CAMPO FIJO DE DESCRIPCIÓN FÍSICA--INFORMACIÓN GENERAL
campo de control de longitud fija t|
008 - DATOS DE LONGITUD FIJA--INFORMACIÓN GENERAL
campo de control de longitud fija 070302s1982 sp r ||||1| spa d
100 1# - ENTRADA PRINCIPAL--NOMBRE DE PERSONA
Nombre de persona Peces-Barba, Gregorio,
Fechas asociadas al nombre 1938-
9 (RLIN) 89835
245 10 - MENCIÓN DEL TÍTULO
Título Tránsito a la modernidad y derechos fundamentales /
Mención de responsabilidad, etc. Gregorio Peces-Barba.
250 ## - MENCION DE EDICION
Mención de edición [1ª ed.].
260 ## - PUBLICACIÓN, DISTRIBUCIÓN, ETC.
Lugar de publicación, distribución, etc. Madrid :
Nombre del editor, distribuidor, etc. Mezquita,
Fecha de publicación, distribución, etc. 1982.
300 ## - DESCRIPCIÓN FÍSICA
Extensión VIII, 214 p. ;
Dimensiones 19 cm.
852 ## - LOCALIZACIÓN
Ubicación ES-MaACL
Número de control de estantería L-2906
Sublocalización o colección R.103254
852 ## - LOCALIZACIÓN
Ubicación ES-MaACL
Número de control de estantería L-7057
Sublocalización o colección R.108017
Holdings
Estatus retirado Estado de pérdida Fuente del sistema de clasificación o colocación Estado de daño No para préstamo Biblioteca de origen Biblioteca actual Ubicación en estantería Fecha de adquisición Número de inventario Total de préstamos Signatura topográfica completa Código de barras Visto por última vez Precio de reemplazo Tipo de ítem Koha Restricciones de uso
    Clasificación decimal universal     Biblioteca del Ateneo de Madrid Biblioteca del Ateneo de Madrid Depósito 2 17/01/2008 R.103254   L-2906 1122402 23/02/2023 23/02/2023 Libro impreso  
    Clasificación decimal universal     Biblioteca del Ateneo de Madrid Biblioteca del Ateneo de Madrid Depósito 2 17/01/2008 R.108017   L-7057 1122403 23/02/2023 23/02/2023 Libro impreso Duplicado